Root Words (A) Quiz Stats

 Plays Quiz not verified by Sporcle

Score 0/27 Timer 05:00
0 Plays Today
% Correct
water
90.4%
water
89.7%
water
85.4%
do
85%
year
83.8%
hear
83.8%
do
83.7%
year
83.7%
star
83%
do
81.7%
air
80.2%
life, spirit
77.9%
hear
77.4%
star
77.2%
% Correct
air
77%
hear
77%
air
76.9%
year
74.8%
other
74.4%
other
74.1%
other
72.9%
star
72.2%
life, spirit
69.9%
life, spirit
69.7%
field
69%
field
65.6%
field
64.9%

You're not logged in!

Compare scores with friends on all Sporcle quizzes.
OR
Log In

Show Comments

Extras

Created Oct 21, 2012ReportNominate
Tags:Clickable Quiz, root

Top Quizzes Today


Score Distribution

Your Account Isn't Verified!

In order to create a playlist on Sporcle, you need to verify the email address you used during registration. Go to your Sporcle Settings to finish the process.

Report this User

Report this user for behavior that violates our Community Guidelines.

Details: